Mystery of the seaside village, 5

Bibliographic Details
Format: Book
Published: Kuala Lumpur : Penerbitan Fargoes , 2005
Series:Non-stop mystery series
Subjects:

MARC

LEADER 00000cam a2200000 7i4500
001 0000002329
005 20151222.0
008 070711
020 |a 9831284267 
090 0 0 |a JF   |b ENG 
245 1 0 |a Mystery of the seaside village, 5 
260 |a Kuala Lumpur :   |b Penerbitan Fargoes ,   |c 2005 
440 |a Non-stop mystery series 
500 |a Children ages 10-12 years old (pink) 
650 0 |a Adventure 
650 0 |a Junior fiction   |x English   |x Languages 
999 |a 0000967270   |b Book   |c Children Collection   |e Cawangan Kota Tinggi 
999 |a 0000969399   |b Book   |c Children Collection   |e Cawangan Bandar Tenggara 
999 |a 0000969400   |b Book   |c Children Collection   |e Cawangan Sri Merlong 
999 |a 0000969401   |b Book   |c Children Collection   |e Cawangan Bukit Gambir 
999 |a 0000969402   |b Book   |c Children Collection   |e Cawangan Segamat 
999 |a 0001147302   |b Book   |c Children Collection   |e Cawangan Tmn. Ungku Tun Aminah 
999 |a 0001147303   |b Book   |c Children Collection   |e Cawangan Bandar Penawar 
999 |a 0001163655   |b Book   |c Children Collection   |e Cawangan Bukit Gambir 
999 |a 0001163657   |b Book   |c Children Collection   |e Cawangan Bandar Penawar 
999 |a 0001163658   |b Book   |c Children Collection   |e Cawangan Segamat 
999 |a 0001163659   |b Book   |c Children Collection   |e Cawangan Tangkak 
999 |a 0001163661   |b Book   |c Teenagers   |e Cawangan Bandar Tenggara 
999 |a 0001163662   |b Book   |c Children Collection   |e Cawangan Taman Universiti 
999 |a 0001163663   |b Book   |c Children Collection   |e Cawangan Mersing 
999 |a 0001163665   |b Book   |c Children Collection   |e Cawangan Batu Pahat 
999 |a 0001163666   |b Book   |c Children Collection   |e Cawangan Tmn. Ungku Tun Aminah 
999 |a 0001163667   |b Book   |c Children Collection   |e Cawangan Pontian